000 01514nam2a2200301 4500
001 RU\NLR\bibl\931585
005 20260406055602.0
010 _a5-02-027034-2
021 _aRU
_b2006-9203
_9442
035 _a(NLR Aleph) 000919802
090 _a92539
_c92539
100 _a20060413d2005 |||y0rusy50 ca
101 1 _arus
_csan
102 _aRU
105 _aa |||||||||
200 1 _aЗаключительные книги
_fподгот. С.И. Невелева и Я.В. Васильков
_g[отв. ред. И.М. Стеблин-Каменский]
210 _d2005
_aБ. м.
215 _a234,[1] с.
_cил.
320 _aБиблиогр.: с. 216-221, в тексте коммент. и в подстроч. примеч.
320 _aУказатели: имен эпич. и мифол. персонажей, предметов и терминов, геогр. и этн. назв.: с. 223-234
461 0 _1001RU\NLR\bibl\953426
_12001#$aМахабхарата$v[Кн. 15-18]
_9222843
_cСанкт-Петербург
_d2005
_f[Рос. акад. наук]
_nНаука
_tМахабхарата
_v[Кн. 15-18]
702 1 _4220
_7ca
_8rus
_aНевелева
_bС. Л.
_f1937-
_gСветлана Леонидовна
_9181152
_3RU\NLR\AUTH\770181203
702 1 _4340
_8rus
_7ca
_aСтеблин-Каменский
_bИ.М.
_f1945 -
_gИван Михайлович
_3RU\NLR\auth\779943
_9119732
801 0 _aRU
_bNLR
_c20060413
_grcr
801 1 _aRU
_bNLR
_c20060413
942 _cBOOK
980 _aNB